00874nam a2200253Ia 450000500170000000800410001702000180005802000150007610000360009124500560012725000190018330000580020249000220026065000520028265000430033465000380037765000490041526400220046433600270048633700330051333800280054604000350057408400110060920220317001359.0161108s9999 mx a g 000 0 spa  a9789706278210 a97062782141 aLa Fontaine, Jean ded1621-169514aLas fábulas de la Fontainec[Jean de la Fontaine] a1a. edición  a155 páginasbilustraciones en blanco y negroc20 cm aApuntes escolares142LEMBaCuentos infantiles franceses ySiglo XVII142LEMBaLiteratura francesa ySiglo XVII142LEMBaFábulas en la literatura 142LEMBaAnimales humanizados en la literatura  aMéxicobÉpoca atextobtxt2rdacontent asin mediaciónbn2rdamedia avolumenbnc2rdacarrier aCO-BoRNBPbspaerdacCO-BoRNBP aC LAF1